Movies Quiz

Random Movies or Clickable Quiz
Score 0/15 Timer 02:00
1 Play Today
% Correct
Rocky
96.6%
Pirates of the Caribbean
92.7%
DC Comics
92.6%
Hunger Games
92.2%
Star Wars
85.2%
Lord of the Rings
84.7%
Marvel Cinematic Universe
83.3%
Harry Potter
82.9%
% Correct
Transformers
68.4%
Fast and the Furious
57.8%
X-Men
55.1%
Star Trek
51%
Twilight
43.7%
Jurassic Park
37.4%
Mission: Impossible
33.1%
Come Together.
Have Fun.
All Virtual.
We all need to come together. Play Sporcle's virtual live trivia to have fun, connect with people, and get your trivia on. Join a live hosted trivia game for your favorite pub trivia experience done virtually. If a virtual private party is more your thing, go here for details.

You're not logged in!

Compare scores with friends on all Sporcle quizzes.
OR
Log In

Sporcle TV

Today on Sporcle TV


Watch our educational content, quiz creation guides, and fun videos on Sporcle TV.

Show Comments

Extras

Top Quizzes Today


Score Distribution

Paid Content

Your Account Isn't Verified!

In order to create a playlist on Sporcle, you need to verify the email address you used during registration. Go to your Sporcle Settings to finish the process.

Report this User

Report this user for behavior that violates our Community Guidelines.

Details: